| 000 | 01513nam a2200337Ia 4500 | ||
|---|---|---|---|
| 001 | 305 | ||
| 003 | OSt | ||
| 005 | 20250528074017.0 | ||
| 008 | 250324b ||||| |||| 00| 1 por d | ||
| 020 | _a9788578832294 | ||
| 040 | _bpor | ||
| 041 | _apor | ||
| 082 |
_a028.5 _bK64d |
||
| 100 | 1 |
_aKinney, Jeff, _d1971- _9597 |
|
| 240 | _aDiary of a wimpy kid: The Last Straw | ||
| 245 |
_aDiário de um banana _b: a gota d'água _c/ Kinney, Jeff ; tradução Antonio de Macedo Soares. |
||
| 250 | _a2.ed. | ||
| 260 |
_aSão Paulo _bVergara & Riba _c2010. |
||
| 300 |
_a217p. _bil. |
||
| 520 | _aA verdade é esta: Greg Heffley nunca deixará de ser um banana. Alguém precisa de explicar isto ao seu pai. Porque Frank Heffley acredita que conseguirá endurecer o filho e inscreve-o em desportos de equipa e noutras atividades «másculas». Claro que Greg consegue esquivar-se facilmente aos esforços do pai para o mudar. Mas, quando o pai ameaça enviá-lo para uma escola militar, o Greg percebe que tem de se tornar duro… ou não terá salvação. Este livro é o terceiro volume do diário de Greg, um verdadeiro banana, um romance com cartoons muito divertido. | ||
| 650 | 0 |
_aLiteratura Americana _984 |
|
| 650 | 0 |
_aInfantojuvenil _9200 |
|
| 650 | 0 |
_aDiário _9599 |
|
| 650 | 0 |
_aAmizade _9556 |
|
| 650 | 0 |
_aVida escolar _9600 |
|
| 655 | 0 |
_aRomance _923 |
|
| 655 | 0 |
_aFicção _922 |
|
| 700 | 1 |
_aSoares, Antonio de Macedo _eTRADUTOR _9601 |
|
| 830 |
_aDiário de um banana _9598 _vv.2 |
||
| 942 |
_2ddc _cBK |
||
| 999 |
_c305 _d305 |
||